书目信息 |
| 题名: |
幼儿运动分解教学
|
|
| 作者: | 窦作琴 主编 | |
| 分册: | ||
| 出版信息: | 上海 复旦大学出版社有限公司 2019.10 |
|
| 页数: | 200页 | |
| 开本: | 24cm | |
| 丛书名: | ||
| 单 册: | ||
| 中图分类: | G613.7 | |
| 科图分类: | ||
| 主题词: | 游戏--You Xi--幼儿园--教学参考资料 | |
| 电子资源: | ||
| ISBN: | 978-7-309-14474-1 | |
| 000 | 01069nam0 2200241 450 | |
| 001 | 0103152640 | |
| 005 | 20201103152729.0 | |
| 010 | @a978-7-309-14474-1@dCNY45.00 | |
| 100 | @a20200408d2019 em y0chiy50 ea | |
| 101 | 0 | @achi |
| 102 | @aCN@b310000 | |
| 105 | @aa z 000yy | |
| 106 | @ar | |
| 200 | 1 | @a幼儿运动分解教学@AYou Er Yun Dong Fen Jie Jiao Xue@f窦作琴主编 |
| 210 | @a上海@c复旦大学出版社有限公司@d2019.10 | |
| 215 | @a200页@c图@d24cm | |
| 300 | @a全国幼儿园特色课程系列 | |
| 330 | @a本书是重庆市渝中区红岩幼儿园关于“分解式游戏教学模式”的实践研究成果。书中分为三个篇章,理论篇、实践篇、经验篇。理论篇主要为相关概念的介绍及实践分解式游戏教学模式的基础和原则;实践篇主要介绍了分解式游戏教学模式的理念、目标、内容与实施、保障、评价五个部分,且其中的每一个版块都阐述了红岩幼儿园在执行该教学模式时的实践操作过程;经验篇为执教教师在实践该教学模式过程中的相关经验总结。 | |
| 606 | 0 | @a游戏@AYou Xi@x幼儿园@j教学参考资料 |
| 690 | @aG613.7@v5 | |
| 701 | 0 | @a窦作琴@ADou Zuo Qin@4主编 |
| 801 | 0 | @aCN@bBJSZM@c20201103 |
| 905 | @b1255031-5@dG613.7@e1024@f5 | |
| 幼儿运动分解教学/窦作琴主编.-上海:复旦大学出版社有限公司,2019.10 |
| 200页:图;24cm |
| 全国幼儿园特色课程系列 |
| ISBN 978-7-309-14474-1:CNY45.00 |
| 本书是重庆市渝中区红岩幼儿园关于“分解式游戏教学模式”的实践研究成果。书中分为三个篇章,理论篇、实践篇、经验篇。理论篇主要为相关概念的介绍及实践分解式游戏教学模式的基础和原则;实践篇主要介绍了分解式游戏教学模式的理念、目标、内容与实施、保障、评价五个部分,且其中的每一个版块都阐述了红岩幼儿园在执行该教学模式时的实践操作过程;经验篇为执教教师在实践该教学模式过程中的相关经验总结。 |
| ● |
| 相关链接 |
|
|
|
|
正题名:幼儿运动分解教学
索取号:G613.7/1024
 
预约/预借
| 序号 | 登录号 | 条形码 | 馆藏地/架位号 | 状态 | 备注 |
| 1 | 1255031 | 212550318 | 第一样本阅览室/ [索取号:G613.7/1024] | 在馆 | |
| 2 | 1255032 | 212550327 | 教育系资料室/ [索取号:G613.7/1024] | 在馆 | |
| 3 | 1255033 | 212550336 | 教育系资料室/ [索取号:G613.7/1024] | 在馆 | |
| 4 | 1255034 | 212550345 | 第四借阅区/ [索取号:G613.7/1024] | 在馆 | |
| 5 | 1255035 | 212550354 | 第四借阅区/ [索取号:G613.7/1024] | 在馆 |